LEADER 00816nam0-2200301---450- 001 990009688220403321 005 20130227090204.0 035 $a000968822 035 $aFED01000968822 035 $a(Aleph)000968822FED01 035 $a000968822 100 $a20130227d1968----km-y0itay50------ba 101 0 $aeng 102 $aGB 105 $a--------001yy 200 1 $aCommunist international economics$fP. J. D. Wiles 210 $aOxford$cBasil Blackwell$d1968 215 $axiv, 566 p.$d23 cm 610 0 $aProduzione 676 $a338.91 700 1$aWiles,$bPeter John de la Fosse$0121773 801 0$aIT$bUNINA$gRICA$2UNIMARC 901 $aBK 912 $a990009688220403321 952 $aO/1.2 WIL$b041773/F$fSES 959 $aSES 996 $aCommunist international economics$944421 997 $aUNINA LEADER 04918oam 2200889 450 001 9910554263003321 005 20211201185026.0 010 $a9780691203041$belectronic book 010 $a9780691203034$bhardback 010 $z9780691203027$bpaperback 010 $z0691203024$bpaperback 024 7 $a10.1515/9780691203041 035 $a(CKB)4100000011997147 035 $a(MiAaPQ)EBC6554320 035 $a(Au-PeEL)EBL6554320 035 $a(OCoLC)1257077301 035 $a(DE-B1597)577567 035 $a(DE-B1597)9780691203041 035 $a(EXLCZ)994100000011997147 100 $a20211023h20212021 uy 0 101 0 $aeng 135 $aurcn#|||a|a|| 181 $ctxt$2rdacontent 182 $cc$2rdamedia 183 $acr$2rdacarrier 200 10$aWinners and losers $ethe psychology of foreign trade /$fDiana C. Mutz 210 1$aPrinceton, New Jersey :$cPrinceton University Press,$d[2021] 210 4$dİ2021 215 $a1 online resource (359 pages) $cillustrations 225 1 $aPrinceton studies in political behavior ;$vv. 27 311 08$aPrint version: 9780691203034 327 $aCover -- Contents -- List of Figures -- Preface -- 1. Beyond the Conventional Wisdom -- 2. At Face Value: What Americans Say They Like and Dislike about Trade -- 3. Partisan Trends in Mass Opinion on Trade -- 4. How Much Is One American Worth? -- 5. Trade with Whom? -- 6. How Racial Attitudes Affect Support for International Trade -- 7. Is This Inevitable? A Cross-National Comparison -- 8. Media Coverage of Trade: The Vividness of Losers -- 9. Attributing Responsibility for Job Loss -- 10. The Impact of Trade on Elections -- 11. The Role of Trade in the 2016 Election -- 12. Shaping Opinions on Trade: What Works and with What Consequences -- 13. The Future of Mass Support for International Trade -- Appendix: Descriptions of Sources of Data -- Notes -- Bibliography -- Index. 330 $aFrom acclaimed political scientist Diana Mutz, a revealing look at why people's attitudes on trade differ from their own self-interestWinners and Losers challenges conventional wisdom about how American citizens form opinions on international trade. While dominant explanations in economics emphasize personal self-interest-and whether individuals gain or lose financially as a result of trade-this book takes a psychological approach, demonstrating how people view the complex world of international trade through the lens of interpersonal relations.Drawing on psychological theories of preference formation as well as original surveys and experiments, Diana Mutz finds that in contrast to the economic view of trade as cooperation for mutual benefit, many Americans view trade as a competition between the United States and other countries-a contest of us versus them. These people favor trade as long as they see Americans as the "winners" in these interactions, viewing trade as a way to establish dominance over foreign competitors. For others, trade is a means of maintaining more peaceful relations between countries. Just as individuals may exchange gifts to cement relationships, international trade is a tie that binds nations together in trust and cooperation.Winners and Losers reveals how people's orientations toward in-groups and out-groups play a central role in influencing how they think about trade with foreign countries, and shows how a better understanding of the psychological underpinnings of public opinion can lead to lasting economic and societal benefits. 410 0$aPrinceton studies in political behavior. 606 $aManagement 607 $aUnited States$2fast 610 $aAlexandra Guisinger. 610 $aAmerican Opinion on Trade. 610 $aAmerican trade policy. 610 $aNAFTA. 610 $aNorth American Free Trade Agreement. 610 $aUS-Mexico-Canada Agreement. 610 $aWTO. 610 $aWorld Trade Organization. 610 $acompetitiveness. 610 $ademographics. 610 $agender differences. 610 $aglobalization. 610 $ainternational affairs. 610 $ajobs. 610 $alabor. 610 $amulticulturalism. 610 $aoutgroups. 610 $aoverseas jobs. 610 $apolitical economy. 610 $apolitical psychology. 610 $aracial attitudes. 610 $asocial safety net. 610 $asociology. 610 $astatus threat. 610 $atrade policy. 610 $atrade preferences. 610 $atrade-offs. 610 $atrolley problem. 610 $axenophobia. 610 $azero-sum. 615 0$aManagement. 676 $a382.019 700 $aMutz$b Diana C.$f1962-$01219635 801 0$bMiAaPQ 801 1$bMiAaPQ 801 2$bMiAaPQ 801 2$bCaOWtU 906 $aBOOK 912 $a9910554263003321 996 $aWinners and losers$92820051 997 $aUNINA LEADER 03640nam 22006732 450 001 9910960265903321 005 20151005020621.0 010 $a1-107-14556-2 010 $a1-280-45787-2 010 $a9786610457878 010 $a0-511-18548-0 010 $a0-511-18465-4 010 $a0-511-18728-9 010 $a0-511-31345-4 010 $a0-511-53664-X 010 $a0-511-18635-5 035 $a(CKB)1000000000353604 035 $a(EBL)256663 035 $a(OCoLC)319033333 035 $a(SSID)ssj0000250183 035 $a(PQKBManifestationID)11208985 035 $a(PQKBTitleCode)TC0000250183 035 $a(PQKBWorkID)10231453 035 $a(PQKB)10774790 035 $a(UkCbUP)CR9780511536649 035 $a(MiAaPQ)EBC256663 035 $a(Au-PeEL)EBL256663 035 $a(CaPaEBR)ebr10124706 035 $a(CaONFJC)MIL45787 035 $a(PPN)261307215 035 $a(EXLCZ)991000000000353604 100 $a20090430d2004|||| uy| 0 101 0 $aeng 135 $aur||||||||||| 181 $ctxt$2rdacontent 182 $cc$2rdamedia 183 $acr$2rdacarrier 200 10$aSpray simulation $emodelling and numerical simulation of sprayforming metals /$fUdo Fritsching 205 $a1st ed. 210 1$aCambridge :$cCambridge University Press,$d2004. 215 $a1 online resource (xiv, 272 pages) $cdigital, PDF file(s) 300 $aTitle from publisher's bibliographic system (viewed on 05 Oct 2015). 311 08$a0-521-03777-8 311 08$a0-521-82098-7 320 $aIncludes bibliographical references (p. 245-269) and index. 327 $g1.$tIntroduction --$g2.$tSpray forming of metals --$g2.1.$tThe spray forming process --$g2.2.$tDivision of spray forming into subprocesses --$g3.$tModelling within chemical and process technologies --$g4.$tFluid disintegration --$g4.1.$tMelt flow in tundish and nozzle --$g4.2.$tThe gas flow field near the nozzle --$g4.3.$tJet disintegration --$g5.$tSpray --$g5.1.$tParticle movement and cooling --$g5.2.$tInternal spray flow field --$g5.3.$tSpray-chamber flow --$g5.4.$tDroplet and particle collisions --$g6.$tCompaction --$g6.1.$tDroplet impact and compaction --$g6.2.$tGeometric modelling --$g6.3.$tBillet cooling --$g6.4.$tMaterial properties --$g7.$tAn integral modeling approach --$g8.$tSummary and outlook. 330 $aSpray forming combines the metallurgical processes of metal casting and powder metallurgy to fabricate metal products with enhanced properties. This book provides an introduction to the various modelling and simulation techniques employed in spray forming, and shows how they are applied in process analysis and development. The author begins by deriving and describing the main models. He then presents their application in the simulation of the key features of spray forming. Wherever possible he discusses theoretical results with reference to experimental data. Building on the features of metal spray forming, he also derives common characteristic modelling features that may be useful in the simulation of related spray processes. The book is aimed at researchers and engineers working in process technology, chemical engineering and materials science. 606 $aMetal spraying$xMathematical models 606 $aMetal spraying$xComputer simulation 615 0$aMetal spraying$xMathematical models. 615 0$aMetal spraying$xComputer simulation. 676 $a671.7/34 700 $aFritsching$b Udo$f1959-$01844832 801 0$bUkCbUP 801 1$bUkCbUP 906 $aBOOK 912 $a9910960265903321 996 $aSpray simulation$94428000 997 $aUNINA